Poesía española y chilena : análisis e interpretación de textos

Uloženo v:
Podrobná bibliografie
Hlavní autor: Lefebvre, Alfredo
Médium: Kniha
Jazyk:španělština
Vydáno: Pacífico. 1958.
Témata:
Tagy: Přidat tag
Žádné tagy, Buďte první, kdo vytvoří štítek k tomuto záznamu!

MARC

LEADER 00000nam a22000005a 4500
001 7244
003 CL-ChBUA
005 20120815103012.0
008 070301s1958 cl 000 1 spa
040 |a CL-ChBUA  |c CL-ChBUA 
082 0 0 |a 861 
090 |c 7244  |d 7244 
100 1 |a Lefebvre, Alfredo. 
245 1 0 |a Poesía española y chilena :  |b análisis e interpretación de textos 
260 |b Pacífico.  |c 1958. 
300 |a 206 p.  |c 19 cm. 
504 |a Indice. 
650 4 |a LITERATURA ESPAÑOLA - POESIA. 
650 4 |a POESIA ESPAÑOLA. 
942 |c LLIT 
952 |0 0  |1 0  |4 0  |7 0  |9 10830  |a UNACH  |b UNACH  |c 800  |d 2007-03-05  |i 3.833.  |l 0  |o 861 / L 489.  |p 11829  |r 2013-06-26 00:00:00  |u 10830  |w 2012-08-08  |y LIB  |k 861 / L 489. 
999 |c 7244  |d 7244